LEADER 01331nam a22002531i 4500 001 991003153429707536 005 20040611180243.0 008 040624s1959 fr |||||||||||||||||grc 035 $ab13031697-39ule_inst 035 $aARCHE-098937$9ExL 040 $aDip.to Beni Culturali$bita$cA.t.i. Arché s.c.r.l. Pandora Sicilia s.r.l. 082 04$a885.01 100 0 $aDemosthenes$0167473 245 10$aSur la paix ; Seconde philippique ; Sur l'halonnèse ; Sur les affaires de la Chersonèse ; Troisième philippique ; Quatrième philippique ; Lettre de Philippe ; Réponse a Philippe sur le traité avec Alexandre /$cDémosthène ; texte établi et traduit par Maurice Croiset 260 $aParis :$bLe belles lettres,$c1959 300 $a183 p. ;$c21 cm 440 0$aHarangues ;$v2 700 1 $aCroiset, Maurice 907 $a.b13031697$b02-04-14$c12-07-04 912 $a991003153429707536 945 $aLE001 TA DEMO 2$g1$i2001000096817$lle001$nV. 2. - C. 1$o-$pE0.00$q-$rl$s- $t0$u1$v0$w1$x0$y.i13647350$z12-07-04 996 $aSur la paix ; Seconde philippique ; Sur l'halonnèse ; Sur les affaires de la Chersonèse ; Troisième philippique ; Quatrième philippique ; Lettre de Philippe ; Réponse a Philippe sur le traité avec Alexandre$9287623 997 $aUNISALENTO 998 $ale001$b12-07-04$cm$da $e-$fgrc$gfr $h0$i1